Identificación y control del proceso térmico del equipo Lab-Volt 3521 usando el controlador Foxboro 716C
Kaydedildi:
| Yazar: | |
|---|---|
| Materyal Türü: | Kitap |
| Baskı/Yayın Bilgisi: |
[San José, Costa Rica]
2006
|
| Konular: | |
| Etiketler: |
Etiketle
Etiket eklenmemiş, İlk siz ekleyin!
|
MARC
| LEADER | 00000nam a2200000Ia 4500 | ||
|---|---|---|---|
| 003 | 009859 | ||
| 005 | 20221231144111.0 | ||
| 008 | 140114s2006 cr a 000 ||s d | ||
| 040 | |c cru CEDI | ||
| 090 | |a TFG 5386 | ||
| 100 | |a Fernández Barrantes, José Andrés |9 911 | ||
| 245 | |a Identificación y control del proceso térmico del equipo Lab-Volt 3521 usando el controlador Foxboro 716C | ||
| 260 | |c 2006 |b [San José, Costa Rica] | ||
| 300 | |a xi, 60 hojas; ilustraciones | ||
| 500 | |a Proyecto de graduación (bachiller en ingeniería eléctrica)--Universidad de Costa Rica. Facultad de Ingeniería. Escuela de Ingeniería Eléctrica | ||
| 650 | |x CONTROLADORES PID |x CONTROLADORES LOGICOS PROGRAMABLES |x CONTROL AUTOMATICO |x SISTEMAS DE CONTROL DIGITAL |9 4996 | ||
| 942 | |c TFG | ||
| 999 | |c 16889 |d 16889 | ||
